00553nam a2200157Ia 4500008004100000020001500041082001900056100001700075245007900092260004000171300000800211650001700219942001200236999001500248952013200263140316s9999 xx 000 0 und d a818834267X a333.95bTIW/SU aTiwari ,G.S. aSustainable Development & Conservation of Biodiversity:The Legal Framework aNew DelhibAnamaya Publishersc2006 a259 aNGO Movement 2ddccBK c6855d6855 00102ddc4070aKAUCLVbKAUCLVcGENERALd2014-03-18l1o333.95 TIW/SUp214666r2016-08-08 00:00:00s2016-08-04w2014-03-18yBK